| 000 | 00615nam a2200193Ia 4500 | ||
|---|---|---|---|
| 005 | 20241129111301.0 | ||
| 008 | 241129s9999||||xx |||||||||||||| ||und|| | ||
| 037 | _aTB | ||
| 040 |
_aCRL _bpun _cCRL |
||
| 041 |
_apun _2pun |
||
| 084 |
_aNW 153Q0;R0 _qCRL |
||
| 100 | _aਬਖ਼ਸ਼ਿੰਦਰ, ਚ। | ||
| 245 | 0 |
_aਫ਼ਿਲਮਸਾਜ਼ੀ _cਬਖ਼ਸ਼ਿੰਦਰ, ਚ। |
|
| 260 |
_aਬਰਨਾਲਾ, ਭਾਰਤ _bਤਰਕਭਾਰਤੀ ਪ੍ਰਕਾਸ਼ਨ _c2020 |
||
| 365 |
_aINR _b150 |
||
| 650 | _aFine Arts | ||
| 942 |
_cTB _hNW 153Q0;R0 |
||
| 999 |
_c1229737 _d1229737 |
||